Central Library OPAC University of Rajshahi

The farm as a business : (Record no. 45910)

MARC details
000 -LEADER
fixed length control field 01021nam a22002771a 4500
001 - CONTROL NUMBER
control field 45910
003 - CONTROL NUMBER IDENTIFIER
rucl marc code BD-RjUL
005 - DATE AND TIME OF LATEST TRANSACTION
control field 20211209054101.0
008 - FIXED-LENGTH DATA ELEMENTS--GENERAL INFORMATION
fixed length control field 160728s19611957enka f001 0 eng
035 ## - SYSTEM CONTROL NUMBER
System control number (BD-RjUL)46028
System control number (OCoLC)4789870
040 ## - CATALOGING SOURCE
Original cataloging agency DLC
Transcribing agency GU
Modifying agency GU
-- BD-RjUL
-- DLC
Language of cataloging eng
041 ## - LANGUAGE CODE
Language code of text/sound track or separate title eng
082 ## - DEWEY DECIMAL CLASSIFICATION NUMBER
Edition number 23
Classification number 338.10941
Author mark and year FAR 1961
110 1# - MAIN ENTRY--CORPORATE NAME
Corporate name or jurisdiction name as entry element Great Britain.
Subordinate unit Ministry of Agriculture, Fisheries and Food.
9 (RLIN) 140399
245 14 - TITLE STATEMENT
Title The farm as a business :
Remainder of title a handbook of standards and statistics, prepared in collaboration with the Provincial Agricultural Economics Service for use in farm management advisory work. /
250 ## - EDITION STATEMENT
Edition statement [2d ed.]
260 ## - PUBLICATION, DISTRIBUTION, ETC. (IMPRINT)
Place of publication, distribution, etc. London :
Name of publisher, distributor, etc. H.M.S.O.,
Date of publication, distribution, etc. 1957 [reprint 1961]
300 ## - PHYSICAL DESCRIPTION
Pagination 197 p. :
Illustrations ill. ;
Size 21 cm.
500 ## - GENERAL NOTE
General note First published in 1954 by the Ministry of Agriculture and Fisheries.
504 ## - BIBLIOGRAPHY, ETC. NOTE
Bibliography, etc includes index
650 #0 - SUBJECT ADDED ENTRY--TOPICAL TERM
Topical term or geographic name as entry element Farm management.
9 (RLIN) 140400
Topical term or geographic name as entry element Agriculture
Geographic subdivision Great Britain.
9 (RLIN) 134314
942 ## - ADDED ENTRY ELEMENTS (KOHA)
Source of classification or shelving scheme Dewey Decimal Classification
Koha item type Books
Holdings
Lost status Source of classification or shelving scheme Damaged status Not for loan Collection code Permanent Location Current Location Shelving location Date acquired Source of acquisition Cost, normal purchase price Total Checkouts Full call number Date last seen Copy number Koha item type
  Dewey Decimal Classification     Non-fiction Central Library, University of Rajshahi Central Library, University of Rajshahi   04/02/1965 Zeitlinger 7.50   338.10941 FAR 1961 28/07/2016 C-2 Books